[Event "Regionalliga SO9495"]
[Site "Bayern"]
[Date "1994.??.??"]
[Round "6"]
[White "Martin, Johann"]
[Black "Schmidbauer, Franz"]
[Result "1-0"]
[WhiteElo "1830"]
[BlackElo "1900"]

1.d4 Nf6 2.Nf3 d6 3.c4 g6 4.Nc3 Bg7 5.e4 O-O 6.Be2 e5 7.O-O Qe8 8.d5 Na6
9.Bd3 Nc5 10.b4 Nxd3 11.Qxd3 Nh5 12.g3 Bh3 13.Re1 h6 14.c5 a6 15.cxd6 cxd6
16.b5 f5 17.Nd2 f4 18.Ba3 Rf6 19.Rac1 Qf7 20.Qe2 f3 21.Qe3 Bf8 22.b6 Rd8
23.Rc2 Nf4 24.Rec1 Bg2 25.Nxf3 Bxf3 26.gxf4 Rxf4 27.Ne2 Rxe4 28.Qd3 Rxe2
29.Rxe2 Bxe2 30.Qxe2 Qxd5 31.Qg4 Qf7 32.Rc7 Qf5 33.Qxf5 gxf5 34.Rxb7 d5 35.Bxf8 Kxf8
36.Rc7 d4 37.b7 d3 38.Rc8  1-0

[Event "Oberliga Bayern9495"]
[Site "Bayern"]
[Date "1994.??.??"]
[Round "7"]
[White "Heiling, Thomas"]
[Black "Jell, Klaus"]
[Result "1/2-1/2"]
[WhiteElo "2225"]
[BlackElo "2230"]

1.d4 Nf6 2.c4 g6 3.Nc3 Bg7 4.e4 d6 5.Nf3 O-O 6.Be2 Nbd7 7.O-O e5 8.d5 a5
9.Bg5 h6 10.Bh4 g5 11.Bg3 Nh5 12.Nd2 Nf4 13.Bg4 Nf6 14.Bxc8 Rxc8 15.f3 h5
16.a3 Bh6 17.b4 axb4 18.axb4 Kh7 19.c5 Rg8 20.Kh1 g4 21.Bh4 gxf3 22.g3 Ng6
23.Nxf3 Nxh4 24.Nxh4 Bg5 25.Nf5 Ng4 26.Ra7 dxc5 27.bxc5 Qf8 28.d6 cxd6 29.Nxd6 Rxc5
30.Ncb5 Rc1 31.Qf3 Rc2 32.Rxb7 Rxh2+ 33.Kg1 Be3+ 34.Qxe3 Rg2+ 35.Kh1 Rh2+
36.Kg1 Rg2+ 37.Kh1  1/2-1/2

[Event "Oberliga Bayern9495"]
[Site "Bayern"]
[Date "1994.??.??"]
[Round "8"]
[White "Wimmer, Herbert"]
[Black "Oechslein, Rainer"]
[Result "1/2-1/2"]
[WhiteElo "2250"]
[BlackElo "2220"]

1.d4 Nf6 2.Nf3 g6 3.c4 Bg7 4.Nc3 O-O 5.e4 d6 6.Be2 e5 7.d5 a5 8.O-O Na6 9.Ne1 Nc5
10.Qc2 Bd7 11.b3 b6 12.Rb1 Nfxe4 13.Nxe4 Nxe4 14.a3 Nc5 15.b4 axb4 16.axb4 Bf5
17.Nd3 Nxd3 18.Bxd3 Bxd3 19.Qxd3 f5 20.c5 e4 21.Qc4 Qb8 22.g3 bxc5 23.Bd2 Ra4
24.Qb3 Qb5 25.bxc5 Qxb3 26.Rxb3 Rd4 27.cxd6 cxd6 28.Bf4 Rxd5 29.Rb7 Rd8 30.Rfb1 Ra5
31.Bg5 Rc8 32.Rd7 Ra1 33.Rxg7+ Kxg7 34.Rxa1 Rc7 35.Bf4 Rd7 36.Ra6 d5 37.Be5+ Kf7
38.Bd4 Rb7 39.Ra7 Rxa7 40.Bxa7 Ke6 41.f4 exf3 42.Bd4 g5 43.Kf2 g4 44.Ke3 Kf7
45.Kf4 Kg6 46.Ke5 Kg5 47.Be3+ Kg6 48.Bf2 Kg5 49.Kxd5 f4 50.Ke4 fxg3 51.hxg3 h5
52.Ke5 Kg6 53.Kf4 Kf6 54.Be1 Kg6 55.Ke5 Kg5 56.Bd2+ Kg6 57.Be1 Kg5 58.Bf2 Kg6
59.Kf4  1/2-1/2

[Event "JUG-chT Cup"]
[Site "Becici"]
[Date "1994.??.??"]
[Round "?"]
[White "Marcetic, Nikola"]
[Black "Simic, Dragan"]
[Result "0-1"]
[WhiteElo "2305"]
[BlackElo "2255"]

1.d4 Nf6 2.c4 g6 3.Nc3 Bg7 4.e4 d6 5.Be2 O-O 6.Nf3 e5 7.Be3 exd4 8.Nxd4 Re8
9.f3 c6 10.Qd2 d5 11.exd5 cxd5 12.c5 Nc6 13.Nxc6 bxc6 14.Bd4 Rb8 15.O-O-O Rb4
16.Nb5 Rxb5 17.Bxb5 cxb5 18.g4 Be6 19.h4 h5 20.Rdg1 hxg4 21.h5 Bf5 22.h6 Bh8
23.h7+ Kf8 24.c6 Qd6 25.b4 Qxc6+ 26.Bc5+ Re7 27.Qc3 Ke8 28.fxg4 Re4 29.Re1 Bxg4
30.Rxe4+ dxe4 31.Qe5+ Be6 32.Rd1 e3 33.Qb8+ Bc8 34.Qe5+ Qe6 35.Qxe6+ Bxe6
36.Bxe3 Bg4 37.Rd6 Nxh7 38.Bxa7 Be5 39.Rd5 Bf4+ 40.Kb2 Bd7 41.Be3 Bxe3 42.Re5+ Be6
43.Rxe3 Nf6 44.a4 bxa4 45.Ka3 Nd5 46.Re5 Kd7 47.Kxa4 Kd6 48.Re1 g5 49.Ka5 g4
50.b5 f5 51.b6 Nxb6 52.Kxb6 f4 53.Rd1+ Bd5 54.Rd4 Ke5 55.Kc5 Be4 56.Rd8 f3
57.Re8+ Kf4 58.Rf8+ Bf5  0-1

[Event "JUG-chT Cup"]
[Site "Becici"]
[Date "1994.??.??"]
[Round "?"]
[White "Tosic, Miroslav"]
[Black "Markovic, Miroslav"]
[Result "1/2-1/2"]
[WhiteElo "2445"]
[BlackElo "2495"]

1.d4 Nf6 2.c4 g6 3.Nc3 Bg7 4.e4 O-O 5.Nf3 d6 6.Be2 e5 7.O-O Na6 8.Bg5 h6
9.Bxf6 Bxf6 10.d5 c5 11.dxc6 bxc6 12.Qd2 Kh7 13.Rfd1 Be7 14.a3 Qe8 15.b4 Nc7
16.b5 c5 17.a4 f5 18.a5 Bb7 19.Qc2 Rb8 20.b6 axb6 21.axb6 Ne6 22.Bd3 f4 23.Ra7 g5
24.Nd5 Bd8 25.Rb1 Rf7 26.Qd1 Qg8 27.Nd2 g4 28.Nb3 f3 29.g3 Ng5 30.Na5 Bxd5
31.exd5+ Kg7 32.Nc6 Rxb6 33.Ra8 Rf8 34.Rxd8 Rxb1 35.Rd7+ Rf7 36.Rxf7+ Qxf7
37.Qxb1 Qf6 38.Qb7+ Nf7 39.Qe7 h5 40.h4 gxh3 41.Kh2 Qg5 42.Qe6 Qd2 43.Qg6+ Kf8
44.Kxh3 Qxf2 45.Qxh5 Qe3 46.Bg6 f2 47.Qf5 f1=Q+ 48.Qxf1 Qh6+ 49.Kg2 Qxg6
50.Nd8 Ke7 51.Ne6 Qc2+ 52.Kg1 Qc3 53.Kh2 Qc2+ 54.Kh3 Qh7+ 55.Kg2 Qc2+  1/2-1/2

[Event "JUG-chT Cup"]
[Site "Becici"]
[Date "1994.??.??"]
[Round "?"]
[White "Sahovic, Dragutin"]
[Black "Damljanovic, Branko"]
[Result "1/2-1/2"]
[WhiteElo "2435"]
[BlackElo "2560"]

1.d4 Nf6 2.c4 g6 3.Nc3 Bg7 4.e4 d6 5.Nf3 O-O 6.Be2 c6 7.O-O e5 8.Re1 Na6
9.Rb1 exd4 10.Nxd4 Re8 11.Bf1 Ng4 12.h3 Qb6 13.hxg4 Qxd4 14.Qf3 Qe5 15.g5 Nc5
16.g3 a5 17.Qd1 Qe7 18.Na4 Bg4 19.Qxg4 Nxa4 20.Qd1 Nc5 21.Bg2 Qe6 22.Qc2 a4
23.Bd2 Bd4 24.Rbd1 Qe7 25.Bc1 Ne6 26.Kh2 Bg7 27.f4 Nd4 28.Qf2 c5 29.Be3 Rab8
30.f5 Be5 31.f6 Qe6 32.Bxd4 Bxd4 33.Qf4 h5 34.b3 axb3 35.axb3 b5 36.Bh3 Qe5
37.Bd7 Red8 38.Bxb5 Ra8 39.Ba4 Qe6 40.Kg2 Be5 41.Qf3 Rdb8 42.Re2 Rxa4 43.bxa4 Qxc4
44.Qd3 Qxa4 45.Rb1 Rxb1 46.Qxb1 Qa3 47.Qe1 c4 48.Qf2 c3 49.Ra2 Qb4 50.Ra8+ Kh7
51.Qc2 Qc4 52.Ra4 Qc7 53.Qb3 h4 54.Rb4 c2 55.Rc4 Qd7 56.Rxc2 Bxg3 57.Qf3 Qb5
58.Qg4 d5 59.e5 d4 60.e6 Qd5+ 61.Kg1 d3 62.Rg2 d2 63.Qd1 Qxg5 64.Qxd2 Qxf6
65.Rxg3 hxg3 66.exf7 Qxf7  1/2-1/2

[Event "Belgrade"]
[Site "Belgrade"]
[Date "1994.??.??"]
[Round "4"]
[White "Ilincic, Zlatko"]
[Black "Mozetic, Dejan"]
[Result "1/2-1/2"]
[WhiteElo "2555"]
[BlackElo "2550"]

1.d4 Nf6 2.c4 g6 3.Nc3 Bg7 4.e4 d6 5.Nf3 O-O 6.Be2 e5 7.Be3 Na6 8.O-O Ng4
9.Bg5 Qe8 10.dxe5 dxe5 11.h3 h6 12.Bd2 Nf6 13.Be3 Nh5 14.Re1 Nf4 15.Bf1 Ne6
16.a3 b6 17.b4 Bb7 18.c5 bxc5 19.b5 Nb8 20.Nd2 Nd7 21.Na4 a6 22.Rc1 Qe7 23.Nb3 Rfd8
24.Na5 Bxe4 25.bxa6 Nb8 26.Qg4 Bf5 27.Qg3 Qe8 28.Nxc5 Nxc5 29.Bxc5 Nxa6 30.Bb4 Nxb4
31.axb4 Rd4 32.Rxc7 Rxb4 33.Nc6 Re4 34.Rd1 Be6 35.Bb5 Kh7 36.Re7 Qc8 37.Rd8 Re1+
38.Kh2 Raa1 39.Qh4 Rh1+ 40.Kg3 Ra3+ 41.f3 Ra2 42.Rxc8 Rg1 43.Bf1 Rxf1 44.Nb4 Rd2
45.Nd3 Rxd3 46.Rxe6 Rd2 47.Qe7 Rff2 48.Rxe5 Rxg2+ 49.Kf4 g5+ 50.Ke4 Rge2+
51.Kf5 Rxe5+ 52.Qxe5 Bxe5 53.Kxe5 Rf2 54.Ke4 Rh2 55.f4 Rxh3 56.fxg5 hxg5
57.Kf5 Rg3 58.Kf6 g4 59.Rc1 Rf3+ 60.Kg5 f5 61.Rc7+ Kg8 62.Kf6 g3 63.Ra7 Rb3
64.Kg6 Rb8 65.Rg7+ Kf8 66.Rf7+ Ke8 67.Rxf5 Ke7 68.Kg7 g2 69.Rg5 Rb2 70.Rg6 Rf2
71.Kg8  1/2-1/2

[Event "Belgrade"]
[Site "Belgrade"]
[Date "1994.??.??"]
[Round "4"]
[White "Skembris, Spyridon"]
[Black "Damljanovic, Branko"]
[Result "1/2-1/2"]
[WhiteElo "2525"]
[BlackElo "2505"]

1.d4 Nf6 2.c4 g6 3.Nc3 Bg7 4.e4 d6 5.Nf3 O-O 6.Be2 e5 7.O-O c6 8.dxe5 dxe5
9.Qxd8 Rxd8 10.Nxe5 Nxe4 11.Nxe4 Bxe5 12.Bg5 Re8 13.Bf3 Bf5 14.Rae1 Nd7 15.b3 f6
16.Bc1 Rad8 17.Ba3 Bxe4 18.Rxe4 Nf8 19.Bxf8  1/2-1/2

[Event "Belgrade"]
[Site "Belgrade"]
[Date "1994.??.??"]
[Round "6"]
[White "Mozetic, Dejan"]
[Black "Damljanovic, Branko"]
[Result "1/2-1/2"]
[WhiteElo "2550"]
[BlackElo "2505"]

1.d4 Nf6 2.c4 g6 3.Nc3 Bg7 4.e4 d6 5.Nf3 O-O 6.Be2 e5 7.Be3 Ng4 8.Bg5 f6
9.Bh4 Nd7 10.O-O Nh6 11.Qd2 Nf7 12.h3 c6 13.Rad1 Qe7 14.b4 Re8 15.b5 Bh6
16.Qc2 Nf8 17.bxc6 bxc6 18.c5 dxc5 19.dxe5 Nxe5 20.Na4 Bf4 21.Nxc5 g5 22.Bg3 Nxf3+
23.Bxf3 Bxg3 24.fxg3 Ng6 25.Bh5 Kg7 26.Rf2 Rf8 27.Bxg6 hxg6 28.Rfd2 Kh6 29.Qc3 Rb8
30.Rd6 Rb1 31.Kh2 Rxd1 32.Rxd1 Re8 33.Qd4 f5 34.exf5 Bxf5 35.Qd6 Qxd6 36.Rxd6 g4
37.hxg4 Bxg4 38.Nd3 Bf5 39.Nf4 c5 40.Rc6 Rc8 41.Rxc8 Bxc8 42.Kg1 Kg5 43.Kf2 Kf5
44.Ke3 g5 45.Nd3 c4 46.Nf2 Ke5 47.g4 Bb7 48.Nh3 Kf6 49.Kd4 Bxg2 50.Nxg5 Kxg5
51.Kxc4 Kxg4 52.a4 a6 53.a5  1/2-1/2

[Event "Belgrade"]
[Site "Belgrade"]
[Date "1994.??.??"]
[Round "7"]
[White "Shipov, Sergei"]
[Black "Mozetic, Dejan"]
[Result "1-0"]
[WhiteElo "2525"]
[BlackElo "2550"]

1.d4 Nf6 2.c4 g6 3.Nc3 Bg7 4.e4 d6 5.Be2 O-O 6.Nf3 e5 7.Be3 a5 8.dxe5 dxe5
9.Qxd8 Rxd8 10.Nd5 Na6 11.O-O-O Re8 12.Nxf6+ Bxf6 13.c5 Be6 14.a3 c6 15.Kc2 a4
16.Kc3 Be7 17.Bxa6 bxa6 18.Nxe5 Bb3 19.Nxc6 Bxd1 20.Nxe7+ Rxe7 21.Rxd1 Rc8
22.Rd6 Rxe4 23.Rxa6 Kf8 24.Bd4 Ke8 25.Rxa4 Rg4 26.b4 Rxg2 27.b5 Rxh2 28.c6 h5
29.Rc4 Rh1 30.Be3 Rb1 31.b6 h4 32.b7 Rc7 33.Kc2 Rb5 34.a4 Rbxb7 35.cxb7  1-0

[Event "Belgrade Trako"]
[Site "Belgrade"]
[Date "1994.??.??"]
[Round "7"]
[White "Mijailovic, Zoran"]
[Black "Bogdanovski, Vlatko"]
[Result "0-1"]
[WhiteElo "2355"]
[BlackElo "2515"]

1.Nf3 g6 2.e4 d6 3.c4 Bg7 4.d4 Nf6 5.Nc3 O-O 6.Be2 Na6 7.O-O e5 8.Be3 c6
9.d5 Ng4 10.Bg5 f6 11.Bh4 Nh6 12.Nd2 Nf7 13.a3 c5 14.Rb1 h5 15.h3 Bh6 16.b4 Ng5
17.Kh1 Nxh3 18.Bxh5 Nf4 19.Bg4 Rf7 20.Kg1 Rh7 21.b5 Nc7 22.Bxc8 Qxc8 23.Nb3 Nh3+
24.Kh2 Bf4+ 25.g3 Rxh4 26.Kg2 Nxf2 27.Kxf2 Rh2+ 28.Kf3 Qh3  0-1

[Event "Belgrade Trako"]
[Site "Belgrade"]
[Date "1994.??.??"]
[Round "7"]
[White "Nestorovic, Dejan"]
[Black "Simic, Radoslav"]
[Result "1-0"]
[WhiteElo "2365"]
[BlackElo "2495"]

1.d4 Nf6 2.c4 g6 3.Nc3 Bg7 4.Nf3 O-O 5.e4 d6 6.Be2 e5 7.O-O exd4 8.Nxd4 Re8
9.f3 c6 10.Kh1 Nh5 11.g4 Qf6 12.Ndb5 cxb5 13.Nd5 Qd8 14.gxh5 bxc4 15.Rg1 Be6
16.hxg6 fxg6 17.Bg5 Qd7 18.Nf6+ Bxf6 19.Bxf6 Nc6 20.Qe1 Rf8 21.Qh4 Ne5 22.f4 Rxf6
23.Qxf6 Rf8 24.Qh4 Nd3 25.f5 Bf7 26.b3 Re8 27.Bf3 d5 28.fxg6 Bxg6 29.exd5 c3
30.Qd4 Qf5 31.Raf1 c2 32.d6 Nb4 33.Bg2 Qb5 34.a3 Re2 35.Qxb4  1-0

[Event "Belgrade"]
[Site "Belgrade"]
[Date "1994.??.??"]
[Round "9"]
[White "Shipov, Sergei"]
[Black "Spasov, Vasil"]
[Result "0-1"]
[WhiteElo "2525"]
[BlackElo "2525"]

1.d4 Nf6 2.c4 g6 3.Nc3 Bg7 4.e4 d6 5.Be2 O-O 6.Nf3 e5 7.d5 a5 8.Bg5 h6 9.Bh4 Na6
10.Nd2 Qe8 11.a3 Bd7 12.b3 Nh7 13.O-O f5 14.exf5 Bxf5 15.g4 e4 16.Re1 e3
17.gxf5 exd2 18.Qxd2 Nc5 19.Qd1 Rxf5 20.Bg3 Ng5 21.Bg4 Rf7 22.Rc1 Re7 23.Rxe7 Qxe7
24.h4 h5 25.Be2 Nge4 26.Nxe4 Nxe4 27.Qd3 Nc5 28.Qc2 Nxb3 29.Qxb3 Qxe2 30.Qxb7 Rf8
31.Qxc7 Be5 32.Qe7 Qf3 33.Qe6+ Kh7 34.Qe7+ Rf7 35.Qg5 Bxg3 36.Qxg3 Qe4  0-1

[Event "Belgrade Trako"]
[Site "Belgrade"]
[Date "1994.??.??"]
[Round "12"]
[White "Sahovic, Dragutin"]
[Black "Bogdanovski, Vlatko"]
[Result "1/2-1/2"]
[WhiteElo "2435"]
[BlackElo "2515"]

1.d4 Nf6 2.c4 g6 3.Nc3 Bg7 4.e4 d6 5.Nf3 O-O 6.Be2 Nbd7 7.O-O e5 8.dxe5 dxe5
9.a3 c6 10.h3 Re8 11.Qc2 Qc7 12.b4 Nh5  1/2-1/2

[Event "Berliner Sommer"]
[Site "Berlin"]
[Date "1994.??.??"]
[Round "?"]
[White "Schulz, Rainer"]
[Black "Galanov, Boris"]
[Result "0-1"]
[WhiteElo "2245"]
[BlackElo "2430"]

1.d4 Nf6 2.Nf3 g6 3.c4 Bg7 4.Nc3 O-O 5.e4 d6 6.Be2 e5 7.Be3 Ng4 8.Bg5 f6
9.Bc1 Nc6 10.d5 Ne7 11.h3 Nh6 12.O-O Nf7 13.Ne1 f5 14.Nd3 f4 15.Bg4 h5 16.Bxc8 Rxc8
17.Bd2 Nh6 18.f3 Bf6 19.Be1 g5 20.c5 Ng6 21.Rc1 Be7 22.b4 Kh8 23.Nb5 a6 24.Na3 Rg8
25.Nc4 g4 26.hxg4 hxg4 27.fxg4 Nh4 28.Ncxe5 dxe5 29.Nxe5 Bf6 30.Bc3 Kh7 31.Nf3 Rxg4
32.Nxh4 Bxh4 33.Qd4 Qg5 34.Rc2 Rg8 35.Qd2 Bg3  0-1

[Event "Berliner Sommer"]
[Site "Berlin"]
[Date "1994.??.??"]
[Round "?"]
[White "Boguslawsky, Maxim"]
[Black "Madsen, Peder"]
[Result "1-0"]
[WhiteElo "2300"]
[BlackElo "2215"]

1.d4 Nf6 2.c4 g6 3.Nc3 Bg7 4.e4 d6 5.Be2 O-O 6.Nf3 e5 7.O-O Nbd7 8.Qc2 c6
9.Rd1 exd4 10.Nxd4 Qe7 11.f3 Nc5 12.b4 Ne6 13.Be3 Nh5 14.Qd2 Be5 15.Nxe6 fxe6
16.g3 Nxg3 17.hxg3 Bxg3 18.Bg5 Qc7 19.Kg2 d5 20.cxd5 exd5 21.exd5 Qd7 22.Rh1 Be5
23.Rad1 Qf5 24.Ne4 cxd5 25.Qxd5+ Be6 26.Qxb7 h5 27.Bh6 Rab8 28.Qe7 Rfe8 29.Qg5 Kh7
30.Qxf5 gxf5 31.Bf4 Bxf4 32.Nf6+ Kh6 33.Nxe8 Rxe8 34.Kf2 Bxa2 35.Ra1 Be3+
36.Kf1 Bf7 37.Ra6+ Kg5 38.Kg2 Rg8 39.Kh3 Kf4 40.b5 Bb6 41.Ra4+ Ke3 42.Bc4 Bxc4
43.Rxc4 f4 44.Rc3+ Kd4 45.Rhc1 Ke5 46.Rd1 Be3 47.Kh4 Rg3 48.Rxe3+  1-0

[Event "Berliner Sommer"]
[Site "Berlin"]
[Date "1994.??.??"]
[Round "?"]
[White "Novik, Maxim"]
[Black "Schneider, Frank"]
[Result "1-0"]
[WhiteElo "2460"]
[BlackElo "2230"]

1.e4 g6 2.d4 Bg7 3.c4 d6 4.Nc3 Nd7 5.Nf3 e5 6.Be2 Ngf6 7.O-O O-O 8.Qc2 Re8
9.Rd1 a5 10.Rb1 exd4 11.Nxd4 Nc5 12.f3 Bd7 13.Bg5 Ne6 14.Nxe6 Rxe6 15.Qd2 Bc6
16.Rbc1 Qf8 17.Nd5 Bxd5 18.cxd5 Re7 19.Rc4 h6 20.Be3 Kh7 21.Rdc1 Qd8 22.Bf2 Ne8
23.Qc2 Be5 24.Qb3 Rd7 25.R4c2 Qf6 26.Qxb7 Rdd8 27.b3 Bf4 28.Rd1 a4 29.g3 Rdb8
30.Qc6 axb3 31.axb3 Be5 32.f4 Ba1 33.Ba6 Bb2 34.b4 g5 35.e5 dxe5 36.Bd3+ e4
37.Bxe4+ Kg8 38.Qxf6 Nxf6 39.Bg2 Rxb4 40.d6 Rd8 41.dxc7 Rxd1+ 42.Bf1  1-0

[Event "Berliner Sommer"]
[Site "Berlin"]
[Date "1994.??.??"]
[Round "?"]
[White "Danner, Georg"]
[Black "Timoshenko, Georgy"]
[Result "0-1"]
[WhiteElo "2455"]
[BlackElo "2550"]

1.d4 Nf6 2.Nf3 g6 3.c4 Bg7 4.Nc3 O-O 5.e4 d6 6.Be2 e5 7.d5 Na6 8.Bg5 h6 9.Bh4 g5
10.Bg3 Nh5 11.h4 Nxg3 12.fxg3 gxh4 13.Nxh4 Qg5 14.O-O f5 15.Nxf5 Bxf5 16.exf5 Rxf5
17.Rxf5 Qxf5 18.Bg4 Qg6 19.Be6+ Kh8 20.g4 Nc5 21.Bf5 Qg5 22.Qc1 e4 23.Qxg5 hxg5
24.Nxe4 Nxe4 25.Bxe4 Bxb2 26.Re1 Bc3 27.Re2 Kg7 28.Bf5 Be5 29.g3 Rh8 30.Rh2 Bd4+
31.Kg2 Rxh2+ 32.Kxh2 Kf6 33.Bc8 b6 34.Kg2 Ke5 35.Kf3 b5 36.cxb5 Kxd5 37.Bb7+ Kc4
38.Ke4 Bf2 39.a4 Bxg3 40.Bd5+ Kb4 41.Bc6 Bf4 42.Kd4 Bg3 43.Ke4 Kc5 44.Bb7 Be1
45.Bc6 a5 46.Kd3 Kb4 47.b6 cxb6 48.Kd4 Bg3 49.Bb5 Be5+ 50.Kd5 Kc3 51.Ba6 Kb3
52.Bb5 Kb4 53.Bd7 Kc3 54.Bb5 Kd2 55.Ke4 Ke1 56.Bc4 Kf2 57.Bb3 Bf4 58.Bc4 Kg3
59.Be6 Bd2 60.Kf5 Kf2 61.Bb3 Bf4 62.Bc4 Ke3 63.Ke6 Kd4 64.Bb3 Kc5 65.Bd5 b5
66.axb5 a4 67.Ba2 Kxb5 68.Kd5 Kb4 69.Kd4 Be5+ 70.Kd3 Ka3 71.Bd5 Kb2 72.Bc4 a3
73.Bd5 a2  0-1

[Event "Berliner Sommer"]
[Site "Berlin"]
[Date "1994.??.??"]
[Round "?"]
[White "Soffer, Ram"]
[Black "Timoshchenko, Gennadi A"]
[Result "1/2-1/2"]
[WhiteElo "2515"]
[BlackElo "2515"]

1.Nf3 Nf6 2.c4 g6 3.Nc3 Bg7 4.e4 d6 5.d4 O-O 6.Be2 e5 7.O-O Na6 8.Re1 c6
9.Bf1 Bg4 10.d5 c5 11.h3 Bd7 12.g3 Nh5 13.a3 Nc7 14.b4 b6 15.Bg5 Qe8 16.bxc5 bxc5
17.Qd2 f6 18.Bh6 Qc8 19.Kh2 Bxh6 20.Qxh6 Rb8 21.Reb1 Qa6 22.Rxb8 Rxb8 23.Qc1  1/2-1/2

[Event "Berliner Sommer"]
[Site "Berlin"]
[Date "1994.??.??"]
[Round "?"]
[White "Ahlander, Bjorn"]
[Black "Kovalev, Andrei"]
[Result "0-1"]
[WhiteElo "2405"]
[BlackElo "2525"]

1.d4 Nf6 2.c4 g6 3.Nc3 Bg7 4.e4 O-O 5.Nf3 d6 6.Be2 e5 7.O-O Na6 8.d5 Nc5
9.Qc2 a5 10.Bg5 h6 11.Be3 b6 12.Nd2 Ng4 13.Bxg4 Bxg4 14.a3 Na6 15.Rab1 Bd7
16.b4 axb4 17.axb4 f5 18.f3 f4 19.Bf2 g5 20.Qb3 g4 21.fxg4 Bxg4 22.Nf3 Kh7
23.Nb5 Rg8 24.Kh1 Qe8 25.Ra1 Bf6 26.Rg1 Qg6 27.Nd2 Qh5 28.Rxa6 Rxa6 29.Nxc7 Ra7
30.Ne6 Rga8 31.c5 Ra2 32.cxb6 Rxd2 33.b7 Rg8 34.Qc3 Rxf2 35.b8=Q Rxb8 36.Qc7+ Kg6
37.Qxb8 Bxe6 38.dxe6 Qg5 39.Qxd6 Be7 40.Qd7 Kf6 41.Qd3 f3 42.gxf3 Qf4 43.Rg2 Qc1+
44.Rg1 Qb2  0-1

[Event "Berliner Sommer"]
[Site "Berlin"]
[Date "1994.??.??"]
[Round "?"]
[White "Gleizerov, Evgeny"]
[Black "Komliakov, Viktor"]
[Result "0-1"]
[WhiteElo "2520"]
[BlackElo "2455"]

1.d4 d6 2.Nf3 Nf6 3.c4 g6 4.Nc3 Nbd7 5.e4 e5 6.Be2 Bg7 7.O-O O-O 8.Be3 Re8
9.Qc2 exd4 10.Nxd4 c6 11.Rad1 Qe7 12.f3 a6 13.Bg5 h6 14.Bh4 Ne5 15.f4 Neg4
16.Bxg4 Bxg4 17.Rde1 Bd7 18.e5 dxe5 19.fxe5 Qc5 20.Qf2 Ng4 21.Qxf7+ Kh8 22.Qxd7 Nxe5
23.Rxe5 Bxe5 24.Ne2 Qxc4 25.Rf7 Kg8 26.Rf1 Rf8 27.Bf2 Rf7 28.Qg4 Kh7 29.b3 Qd5
30.Nf3 Bg7 31.Ng3 Raf8 32.Re1 Rf4 33.Qh3 a5 34.Be3 R4f6 35.Ne4 Rf5 36.Qg4 Re8
37.Nh4 Qe6 38.Nxf5 gxf5 39.Ng5+ hxg5 40.Qh5+ Bh6 41.Bf2 Qxe1+ 42.Bxe1 Rxe1+
43.Kf2 Re5 44.Qf7+ Bg7 45.Qxb7 Rc5 46.Qd7 Rc2+ 47.Kf3 Rc3+ 48.Ke2 Rc2+ 49.Kd3 Rc3+
50.Kd2 Rc5 51.Qe7 Rd5+ 52.Kc2 g4 53.Qf7 Re5 54.Kd3 Kh6 55.Qc7 f4 56.Qxc6+ Kg5
57.Qd7 Re3+ 58.Kc4 Re4+ 59.Kc5 Bf8+ 60.Kb6 f3 61.Qd2+ Kf5 62.Qd5+ Kf4 63.Qd2+ Kf5
64.Qd5+ Kf4 65.gxf3 gxf3 66.Qf7+ Ke3 67.Qxf8 f2 68.Kxa5 Rf4 69.Qc5+ Kd2 70.Qd6+ Ke3
71.Qe5+ Kf3 72.Qh5+ Ke3 73.Qh3+ Ke2 74.Qe6+  0-1

[Event "Berliner Sommer"]
[Site "Berlin"]
[Date "1994.??.??"]
[Round "?"]
[White "Faust, Martin Michael"]
[Black "Safranska, Anda"]
[Result "1-0"]
[WhiteElo "2140"]
[BlackElo "2305"]

1.d4 Nf6 2.c4 g6 3.Nc3 Bg7 4.e4 d6 5.Nf3 O-O 6.Be2 e5 7.dxe5 dxe5 8.Qxd8 Rxd8
9.Nd5 Nxd5 10.cxd5 c6 11.Bc4 b5 12.Bb3 a5 13.a4 b4 14.Be3 Bb7 15.Rc1 Rd7
16.Rc5 h6 17.O-O Kh7 18.Rfc1 cxd5 19.exd5 e4 20.Nd4 Be5 21.g3 Bd6 22.R5c2 Na6
23.Nc6 Bc7 24.Bc4 g5 25.Bb5 b3 26.Rc3 Rd6 27.Nd4 Bd8 28.Bc6 Rb8 29.Bxb7 Rxb7
30.Rc6 Rb6 31.Rxd6 Rxd6 32.Rc6 Bc7 33.Rxd6 Bxd6 34.Nxb3 Nb4 35.Bb6 Nxd5 36.Bxa5 Be5
37.Bc3 Bxc3 38.bxc3 Nxc3 39.a5 Nb5 40.Nc5 f5 41.Nd7 Kg6 42.Ne5+ Kf6 43.Nc6 Nc7
44.Kf1 Ke6 45.Ke2 f4 46.g4 h5 47.gxh5 g4 48.h6 Kf6 49.Ne5 Na6 50.Nxg4+ Kg6
51.Kd2  1-0

[Event "Berliner Sommer"]
[Site "Berlin"]
[Date "1994.??.??"]
[Round "?"]
[White "Novik, Maxim"]
[Black "Schulz, Karsten"]
[Result "1/2-1/2"]
[WhiteElo "2460"]
[BlackElo "2330"]

1.Nf3 g6 2.d4 Bg7 3.c4 Nf6 4.Nc3 O-O 5.e4 d6 6.Be2 Nbd7 7.O-O e5 8.Qc2 c6
9.Rd1 Re8 10.Rb1 a5 11.d5 cxd5 12.cxd5 Nc5 13.Be3 b6 14.h3 Bd7 15.Nd2 Rc8
16.Rdc1 b5 17.Bxb5 Bxb5 18.Nxb5 Ncxe4 19.Qxc8 Qxc8 20.Rxc8 Rxc8 21.Nxe4 Nxe4
22.Rc1 Rxc1+ 23.Bxc1 f5 24.Be3 Nf6 25.Nc3 Nd7 26.f3 e4 27.fxe4 Bxc3 28.bxc3 Nf6
29.exf5 Nxd5 30.Bd2 gxf5 31.c4 Nb6 32.Bxa5 Nxc4 33.Bc3 Kf7 34.Kf2 Ke6 35.Kf3 Kd5
36.Kf4 Kc5 37.Kxf5 Ne3+ 38.Kg5 Nxg2 39.Bd2 Kc4 40.a4 d5 41.a5 Kb5 42.Kg4 d4
43.Kf3 Nh4+ 44.Ke4 Ka6 45.Bb4 Ng6 46.Kxd4 Nf4 47.h4 h5 48.Ke4 Ng6 49.Be1  1/2-1/2

[Event "Berliner Sommer"]
[Site "Berlin"]
[Date "1994.??.??"]
[Round "?"]
[White "Riedel, Holger"]
[Black "Rogozenko, Dorin"]
[Result "0-1"]
[WhiteElo "2215"]
[BlackElo "2405"]

1.d4 Nf6 2.c4 d6 3.Nc3 Nbd7 4.e4 e5 5.Nf3 g6 6.Be2 Bg7 7.O-O O-O 8.Re1 Re8
9.Bf1 a6 10.d5 a5 11.b3 Ng4 12.h3 Nh6 13.a3 f5 14.Bg5 Nf6 15.b4 Nf7 16.Bxf6 Bxf6
17.Qb3 Be7 18.Rad1 Kh8 19.c5 f4 20.Nb5 h5 21.Be2 Rg8 22.Rc1 g5 23.cxd6 Bxd6
24.bxa5 g4 25.hxg4 h4 26.g3 Ng5 27.Qc3 Rg7 28.Nh2 f3 29.Nxf3 Nxf3+ 30.Bxf3 h3
31.Kf1 Qf6 32.Re3 Bxg4 33.Rc2 Rf8 34.Bxg4 Rxg4  0-1

[Event "Berliner Sommer"]
[Site "Berlin"]
[Date "1994.??.??"]
[Round "?"]
[White "Ruzele, Darius"]
[Black "Siepelt, Heiner"]
[Result "0-1"]
[WhiteElo "2495"]
[BlackElo "2360"]

1.d4 Nf6 2.c4 g6 3.Nc3 Bg7 4.e4 d6 5.Be2 O-O 6.Nf3 e5 7.O-O exd4 8.Nxd4 Re8
9.f3 c6 10.Kh1 Nbd7 11.Bg5 Qb6 12.Na4 Qa5 13.Bd2 Qc7 14.Be1 a6 15.Rc1 c5
16.Nc2 Ne5 17.Nc3 Bd7 18.Qd2 Rad8 19.Bh4 Bc6 20.Rfd1 b5 21.cxb5 axb5 22.Bxb5 Bxb5
23.Nxb5 Qb6 24.Nca3 Rd7 25.Nc3 Qa6 26.Rb1 Rb8 27.Nc2 Ne8 28.b3 Rdb7 29.Ne3 Nc6
30.Ned5 Nb4 31.Nxb4 Rxb4 32.Nd5 R4b7 33.Qc2 Ra7 34.a4 Nc7 35.Nxc7 Rxc7 36.Bg3 Rc6
37.Be1 Qf1+  0-1

[Event "Bern op"]
[Site "Bern"]
[Date "1994.??.??"]
[Round "6"]
[White "Gheorghiu, Florin"]
[Black "Forster, Richard"]
[Result "1/2-1/2"]
[WhiteElo "2465"]
[BlackElo "2330"]

1.c4 g6 2.d4 Nf6 3.Nc3 Bg7 4.e4 d6 5.Nf3 O-O 6.Be2 e5 7.Be3 Ng4 8.Bg5 f6
9.Bh4 Nc6 10.d5 Ne7 11.h3 Nh6 12.g4 Nf7 13.Qc2 Bd7 14.O-O-O a6 15.Kb1 Rb8
16.Nd2 b5 17.Bd3  1/2-1/2

[Event "Biel op"]
[Site "Biel"]
[Date "1994.??.??"]
[Round "5"]
[White "Timoshchenko, Gennadi A"]
[Black "Edelman, Daniel"]
[Result "1-0"]
[WhiteElo "2515"]
[BlackElo "2415"]

1.d4 Nf6 2.c4 g6 3.Nc3 Bg7 4.e4 d6 5.Nf3 O-O 6.Be2 e5 7.Be3 exd4 8.Nxd4 Re8
9.f3 Nc6 10.O-O Bd7 11.Qd2 a6 12.Rfd1 Rb8 13.Rac1 Nh5 14.Bf1 Ne5 15.b3 Kh8
16.Nde2 f5 17.exf5 Bxf5 18.Nd4 Qd7 19.Bh6 Rbd8 20.Bxg7+ Qxg7 21.Be2 c5 22.Nxf5 gxf5
23.f4 Ng4 24.Nd5 Nhf6 25.Bxg4 Ne4 26.Qd3 Qxg4 27.Re1 Rg8 28.Rc2 Rde8 29.Qd1 Qg7
30.Qa1 Qxa1 31.Rxa1 Kg7 32.Re1 b5 33.Kf1 Kg6 34.Rce2 h5 35.Nc3 b4 36.Nxe4 Rxe4
37.Rxe4 fxe4 38.Rxe4 Kf5 39.Re7 Kxf4 40.Kf2 Rf8 41.Re6 Kf5 42.Re3 Kg4+ 43.Ke2 h4
44.Re6 Rd8 45.Re4+ Kg5 46.Ke3 a5 47.h3 Kh5 48.Re7 a4 49.Ke4 axb3 50.axb3 Ra8
51.Kd5 Ra3 52.Re3 Ra6 53.Ke6 Kg5 54.Re4 Kh5 55.Rg4 Rc6 56.Kd7 Rb6 57.Ke6 Rc6
58.Rg7 Ra6 59.Rg8 Kh6 60.Kd5 Kh5 61.Rg7 Kh6 62.Rd7 Kg5 63.Rxd6 Ra3 64.Kxc5 Rxb3
65.Rd5+ Kf4 66.Rd4+ Ke3 67.Rxh4 Rb1 68.Kb5 Kd3 69.c5 b3 70.Kb4 b2 71.Kb3 Rc1
72.Kxb2 Rxc5 73.Rg4 Ke3 74.h4 Rc8 75.g3 Kf3 76.Rg5 Rc6 77.h5 Rc8 78.g4 Kg3
79.Rg6 Kh4 80.h6  1-0

[Event "Biel op"]
[Site "Biel"]
[Date "1994.??.??"]
[Round "9"]
[White "Khenkin, Igor"]
[Black "Kersten, Uwe"]
[Result "1-0"]
[WhiteElo "2580"]
[BlackElo "2345"]

1.d4 Nf6 2.c4 g6 3.Nc3 Bg7 4.e4 d6 5.Nf3 O-O 6.Be2 e5 7.d5 a5 8.Bg5 h6 9.Bh4 Na6
10.O-O Qe8 11.Nd2 Bd7 12.Kh1 Nh7 13.a3 h5 14.f3 Bh6 15.Rb1 Be3 16.b4 axb4
17.axb4 f5 18.exf5 gxf5 19.Re1 Nf6 20.Bd3 Ba7 21.f4 c6 22.dxc6 bxc6 23.c5 Nxb4
24.Rxb4 Bxc5 25.Rc4 Ng4 26.Rxc5 dxc5 27.fxe5 Be6 28.Qf3 Ra3 29.Bc4 Qf7 30.Bxe6 Qxe6
31.h3 f4 32.Nde4 Qg6 33.Nf6+ Nxf6 34.exf6 Rb8 35.Kh2 Rb2 36.Qxc6 Rb8  1-0

[Event "Wch Seniors"]
[Site "Biel"]
[Date "1994.??.??"]
[Round "11"]
[White "Wade, Robert Graham"]
[Black "Semasev, Kim"]
[Result "0-1"]
[WhiteElo "2290"]
[BlackElo "2330"]

1.d4 Nf6 2.Nf3 g6 3.c4 Bg7 4.Nc3 O-O 5.e4 d6 6.Be2 e5 7.Be3 Nc6 8.d5 Ne7
9.Nd2 Ne8 10.g4 c5 11.Rg1 Rb8 12.a3 Kh8 13.b4 b6 14.Nf1 f5 15.f3 Ng8 16.Qd2 fxg4
17.fxg4 Rb7 18.O-O-O Nef6 19.g5 Nh5 20.b5 Nf4 21.h4 Rbf7 22.Ng3 Bh3 23.Rh1 h5
24.gxh6 Bxh6 25.Rxh3 Nxh3 26.Bxh6 Nxh6 27.Qxh6+ Rh7 28.Qe3 Qxh4 29.Rf1 Rf4
30.Rh1 Qf6 31.Nd1 Ng5 32.Rxh7+ Kxh7 33.Nb2 Nf3 34.Nd3 Nd4 35.Bd1 Qh4 36.Kd2 Qh2+
37.Kc1 Rf3 38.Qg5 Qxg3 39.Qe7+ Kh6 40.Bxf3 Qxf3 41.Qh4+ Kg7 42.Qe7+ Qf7 43.Qxd6 Qf1+  0-1